00590nam a2200157 a 450000100100000000500170001000800410002702000150006804000250008324500800010826000610018830000280024970000330027795201050031099900170041500004010220201002033923.0130807s1992 sp a 000 0 spa d a8478201246 aDO-SdBNPbspacBNPHU00aArcóbriga II :blas cerámicas romanas /cCarmen Aguarod Otal...[et.al]. aZaragoza :bInstitución Fernando el Católico,c1992. a328 p. :bil. ;c31 cm.1 aAgauarod Otal, Carmen966365 001050718MOaGRbGRcCTd2013-08-07iLF1l0o p40102-10r2020-06-25w2020-06-25y1ZNo se presta c39592d39592